000 00655nam a2200277Ia 4500
005 20260324112419.0
008 008 260324s9999 xx 000 0 eng d
020 _a9781003520399
037 _aEBOOK
040 _aCRL
040 _beng
040 _cCRL
041 _2eng
041 _aeng
084 _qCRL
100 _aRebecca Skinner; Emily Kempster; Lucy Cannon
245 0 _aMindy and Mo’s Crazy Carpet
260 _bTaylor and Francis
260 _c2024
365 _a
365 _b42.99
856 _uhttp://www.taylorfrancis.com/books/9781003520399
942 _cEBOOK
999 _c1731792
_d1731792